01537nam a22003977a 4500003000500000005001700005008004100022010000900063011000900072035000900081040000900090090001000099100004400109245008100153260004200234300002200276500001200298502006900310590003700379590004100416590004100457590004100498590004200539650004100581650002000622650002000642650002900662710007800691901000700769942000900776949004100785949004600826999001500872952012500887952012701012CHAP20220329133150.0971013s1991 r 00010 d a2896 a3868 a3069 cCHAP aTesis00aJiménez Victoria, José Luis.961677 aPersistencia y movimiento de atrazina en un luvisol de la Fraylesca, Chiapas aMontecillo, Méx. :bEl autor,c1991 a80 h.b: gráfs. aD47-190 aTesis (M.C. Esp. en Edafología) -- C.P. Centro de Edafología aALEPHb10c20130110lUCH01h1214 aBATCH-UPDb10c20130110lUCH01h1457 aBATCH-UPDb10c20130410lUCH01h0920 aBATCH-UPDb10c20130914lUCH01h1609 aCONVERSIONb10c20130109lUCH01h130314aHerbicidasxEfecto en suelos.95369714aLaderas.96436014aLuvisol.96921614aSuelosxChiapas.91102360 aColegio de Postgraduados. Chapingo, Méx. Centro de Edafología.925074 aBK cFOLL bBCcTESd-12579eTS1h24169i3069si bBCcTESd-74904eTS2fc.2h24170i3069si c2896d2896 00102local4053708TESISaBCbBCcPA_TESISd2019-12-31fTESISl0p-74904r2019-12-31 00:00:00tc.2w2019-12-31yTESIS 00102local4051708TESISaBCbBCcPA_TESISd2019-12-31fTESISl0oTesisp-12579r2019-12-31 00:00:00w2019-12-31yTESIS